000 00940nam0a22002771 4500
001 RU\INFOCOMM_322\NLR\5000202792
005 20260406041140.0
035 _a(NLR Aleph) 009585066
090 _a9215094
_c9215094
100 _a20130227d1969 |||y0rusy50 ca
101 1 _aeng
_crus
102 _aRU
105 _ay z |||||
200 1 _aJolly hares
_e[Plays and tales for children]
_e[Transl. from the Russ.]
_fSergei Mikhalkov
_gDraw. by Y. Rachev
210 _aM.
_c"Progress"
_d1969
215 _a120 с.
_cцв. ил.
_d22 см
300 _aНа обороте тит. л.: С. Михалков. Веселые зайцы
620 _aМосква
686 _aДл215
_2rubbk
700 1 _8rus
_7ca
_aMichalkov
_bS. V.
_f1913-2009
_gSergej Vladimirovič
_3RU\NLR\AUTH\771590
_9111611
801 1 _aRU
_bInfocomm
_c20130227
801 0 _aRU
_bINFOCOMM
_gPSBO
852 _aNLR
_jДл01 Д-5/126
942 _cBOOK
980 _aNB